00535nam a2200169Ia 450000500170000000800410001702000150005808200130007310000200008624500260010626000490013230000130018150000510019494200060024595200990025199900150035020250313115158.0240331s9999 xx 000 0 und d a9559084011 bGNAa894 aGnanasekaran, T 0aLayaththuch chiraigal aColombobHill country publishing housec1994 a200 p.,  aNovel About Hill Country Peoples Daily issues cL 001040708LaWERCLbWERCLcSSCd2024-03-31l0o 894.811 GNAp4510r2024-03-31w2024-03-31yL c3739d3739